A parlamenti viták alkotmányos értékéről

Elmentve itt :
Bibliográfiai részletek
Szerző: Smuk Péter
Dokumentumtípus: Cikk
Megjelent: Szegedi Tudományegyetem Állam- és Jogtudományi Karának tudományos bizottsága Szeged 2015
Sorozat:Acta Universitatis Szegediensis : acta juridica et politica 78
Kulcsszavak:Országgyűlés - magyar - képviselői jog, Politikai párbeszéd - országgyűlés - házszabály
Tárgyszavak:
Online Access:http://acta.bibl.u-szeged.hu/45276
LEADER 00941nab a2200229 i 4500
001 acta45276
005 20231108133735.0
008 170403s2015 hu o 0|| hun d
020 |a 978 963 306 421 4 
022 |a 0324-6523 
040 |a SZTE Egyetemi Kiadványok Repozitórium  |b hun 
041 |a hun 
100 1 |a Smuk Péter 
245 1 2 |a A parlamenti viták alkotmányos értékéről  |h [elektronikus dokumentum] /  |c  Smuk Péter 
260 |a Szegedi Tudományegyetem Állam- és Jogtudományi Karának tudományos bizottsága  |b Szeged  |c 2015 
300 |a 246-258 
490 0 |a Acta Universitatis Szegediensis : acta juridica et politica  |v 78 
650 4 |a Társadalomtudományok 
650 4 |a Jogtudomány 
650 4 |a Politikatudomány 
695 |a Országgyűlés - magyar - képviselői jog, Politikai párbeszéd - országgyűlés - házszabály 
856 4 0 |u http://acta.bibl.u-szeged.hu/45276/1/juridpol_078_246-258.pdf  |z Dokumentum-elérés